000 00554nam a2200241 a 4500
001 nice12345678
003 IN_TiNIC
005 20260116011721.0
008 050524s1947 lona grp 000 0 eng
020 _a
_c100
082 0 0 _a230
_bWAN
100 _aWand, J W C
245 _aGod and Goodness.
260 _aLondon
_bEyre & Spottiswoode
_c1947
300 _a196p
500 _aincludes index and biblioraphy
505 2 _aBibliography
650 _aTheology
700 1 _aWand, J W C
902 _bSRS
942 _cBK
999 _c3518
_d3518